Cell culture and its application (Record no. 28610)

MARC details
000 -LEADER
fixed length control field 00382nam a2200145Ia 4500
082 ## - DEWEY DECIMAL CLASSIFICATION NUMBER
Classification number 57.085.23
Item number ACT
100 ## - MAIN ENTRY--AUTHOR NAME
Personal name ACTON, Ronald T
245 #0 - TITLE STATEMENT
Title Cell culture and its application
260 ## - PUBLICATION, DISTRIBUTION, ETC. (IMPRINT)
Place of publication New York
Name of publisher Academic
Year of publication 1977
650 ## - SUBJECT ADDED ENTRY--TOPICAL TERM
Topical Term Cell culture
650 ## - SUBJECT ADDED ENTRY--TOPICAL TERM
Topical Term Fibroblast growth factor
700 ## - ADDED ENTRY--PERSONAL NAME
Personal name LYNN, J Daniel
942 ## - ADDED ENTRY ELEMENTS (KOHA)
Koha item type Books
Holdings
Withdrawn status Lost status Damaged status Not for loan Home library Current library Date acquired Full call number Accession Number Koha item type
        RRII Library RRII Library 16/12/2021 57.085.23 ACT 09209 Books